000 00528cam a2200193ua 4500
001 8484
008 150202n ii |||gr||||Z||||||asm
040 _cMAIN
041 _aasm
082 _a491.451
100 _aHakacham, Upen Rabha,
_eAuthor.
245 1 _aAsamiya aru asamar tibbat-barmiya bhasa
_cby Upen Rabha Hakacham
250 _a4th rev.
260 _aGoalpara:
_bManjula Rabha Hakachamzak,
_c2011.
300 _a256p.
653 _aEast Indo-European & Celtic languages
653 _aAssamese language
942 _cBK
999 _c7592
_d7592